| 000 | 00450cam a2200181 4500 | ||
|---|---|---|---|
| 001 | D8170 | ||
| 008 | 090401t1970 xxu||||| |||| 00| 0 eng d | ||
| 035 | _a(Sirsi) u11507 | ||
| 041 | _aeng | ||
| 050 | _a346.4104344 | ||
| 100 | _aReid, Robert | ||
| 245 | 4 | _aThe Rent Act 1968 (as amended by the Housing Act 1969) | |
| 260 |
_aLondon _bEstates Gazette _c1970 |
||
| 300 | _axxii. 330p. 22cm | ||
| 350 | _a3.75 | ||
| 942 | _n0 | ||
| 948 | _c04/03/1997 | ||
| 999 |
_c86875 _d86875 |
||